000 00825nam a22002297a 4500
999 _c5101
_d5101
003 AR-CdUCM
008 190312b ||||| |||| 00| 0 spa d
020 _a968-16-1712-6
040 _aMUNICIPALIDAD PROVINCIAL DEL CUSCO
_cBIBLIOTECA MUNICIPAL DEL CUSCO
082 _a082.974 /
_bLM
100 _aPacheco, José A
_915523
245 _aFin de siglo :
_bY otros poemas /
260 _aMexico :
_bOlimpia,
_c1984.
300 _a136 paginas ;
_c21 cm.
440 _aFondo de cultura económica
_n44
_915524
505 _aContenido : De los elementos de la noche -- De el reposos del fuego -- De no me preguntes como pasa el tiempo -- Homenaje a la cursilería ...
650 _aPoesía mexicana
_914662
650 _aLiteratura mexicana
_92532
650 _aLiteratura siglo XX
_91173
942 _2ddc
_cLIBROS
945 _arah